Beschriftete Kleinfunde in der Sammlung Georges Michailidis : Ergebnisse einer Bestandsaufnahme im Sommer 1968 /

محفوظ في:

المؤلف الرئيسي: Kaplony, Peter.

مؤلفون آخرون: Michaelidis, Georges.

التنسيق: كتاب

اللغة: German

منشور في: Istanbul, Nederlands Historisch-Archeologisch Instituut in het Nabije Oosten, 1973.

سلاسل: Uitgaven van het Nederlands Historisch-Archaeologisch Instituut te Istanbul ; 32.

الموضوعات:

الوسوم: إضافة وسم

لا توجد وسوم, كن أول من يضع وسما على هذه التسجيلة!

رقم الطلب: DT59.M K11 1973

LEADER 01051cam a22002657 4500
001 ocm01064212
003 OCoLC
005 20240109114049.0
008 741101s1973 tu af b 000 0 ger d
043 |a f-ua--- 
050 4 |a DT59.M  |b K11 1973 
100 1 |a Kaplony, Peter. 
245 1 0 |a Beschriftete Kleinfunde in der Sammlung Georges Michailidis :  |b Ergebnisse einer Bestandsaufnahme im Sommer 1968 /  |c von Peter Kaplony. 
264 1 |a Istanbul,  |b Nederlands Historisch-Archeologisch Instituut in het Nabije Oosten,  |c 1973. 
300 |a 33 pages :  |b illustrations, 27 plates ;  |c 24 cm 
336 |a text  |b txt  |2 rdacontent 
337 |a unmediated  |b n  |2 rdamedia 
338 |a volume  |b nc  |2 rdacarrier 
490 1 |a Uitgaven van het Nederlands Historisch-Archeologisch Instituut te Istanbul,  |v 32 
504 |a Includes bibliographical references. 
650 0 |a Inscriptions, Egyptian. 
650 0 |a Ostraka. 
700 1 |a Michaelidis, Georges. 
830 0 |a Uitgaven van het Nederlands Historisch-Archaeologisch Instituut te Istanbul ;  |v 32. 
999 |c 55317  |d 55317